| 000 | 00000nam##2200000za#4500 |
| 001 | 9.662436 |
| 003 | CaOODSP |
| 005 | 20210615120542 |
| 007 | ta |
| 008 | 150407|2000||||xxc||||| f|0| 0 fre|d |
| 020 | |a0-662-65434-X |
| 040 | |aCaOODSP|bfre |
| 041 | |aeng |
| 041 | |afre |
| 043 | |an-cn--- |
| 086 | 1 |aC2-443/2000 |
| 110 | 1 |aCanada.|bIndustrie Canada. |bDéveloppement économique Canada. |
| 245 | 10|aOuvrons les portes d'un avenir meilleur |
| 260 | |aSudbury - Ontario : |bIndustrie Canada. |c2000. |
| 300 | |aTexte français, 14p. : |bill. ; |c22 cm. |
| 500 | |a«Lancée en 1987, l'Initiative fédérale de développement économique dans le Nord de l'Ontario a connu une croissance continue pour ce qui est de l'élaboration de nouveaux programmes, de l'entrée en scène de nouveaux partenaires et d'un financement accru pour les communautés de tout le Nord.»--Page 5. |
| 520 | 3 |aLancée en 1987, l'Initiative fédérale de développement économique dans le Nord de l'Ontario a connu une croissance continue pour ce qui est de l'élaboration de nouveaux programmes, de l'entrée en scène de nouveaux partenaires et d'un financement accru pour les communautés de tout le Nord.--Page 5 |
| 546 | |aBilingue |
| 563 | |aCouverture souple |
| 590 | |a01-02|b2001-01-12 |
| 691 | 07|aDéveloppement du Nord|2gcpds |
| 691 | 07|aDéveloppement économique|2gcpds |
| 691 | 07|aFinancement|2gcpds |
| 776 | 0#|tOuvrons les portes d'un avenir meilleur |w(CaOODSP)9.639298 |
| 776 | 0#|tOpening doors - building futures |w(CaOODSP)9.695154 |
| 791 | |tOpening doors, building futures |eeng|w(CaOODSP)9.662435 |